000 00738nam a2200217Ia 4500
003 GCL
008 140319s9999 xx 000 0 ara d
020 _a102345977
040 _aGCL /
_cGCL
082 0 4 _a005.3
_bو ا
100 1 _aويليت، ادوارد
245 1 0 _aاوفيس اكس بى - OFFICE XP /
_cويليت، ادوارد
700 1 _aكمنجس، ستيف
260 _aالقاهرة :
_bدار الفاروق للنشر والتوزيع ،
_c2002
300 _a1648 ص ؛
_c24 سم
650 0 4 _aنظم المعلومات
650 0 4 _aاختزان واسترجاع المعلومات
650 0 4 _aالحاسبات الالكترونية - برامج
650 0 4 _aاوفيس اكس بى
942 _2ddc
_cBK
999 _c5404
_d5404